[Event "EWCCC Online Final 2020"]
[Site "Online"]
[Date "2020.12.21"]
[Round "7.4"]
[White "Mammadzada, Gunay"]
[Black "Goryachkina, Aleksandra"]
[Result "1/2-1/2"]
[WhiteElo "2443"]
[BlackElo "2593"]
[Annotator "TA"]
[PlyCount "109"]
[EventDate "2020.12.19"]
[EventType "team-tourn"]
[EventCountry "NET"]
[SourceTitle "playchess.com"]
[Source "ChessBase"]
[SourceQuality "1"]

{[%evp 12,109,39,34,41,36,45,5,7,2,12,-1,0,0,0,0,0,0,0,3,84,17,20,0,7,7,7,7,7,10,10,0,19,18,47,47,46,39,58,59,60,46,63,63,64,39,39,28,27,25,29,30,39,39,39,11,17,0,12,16,10,0,0,0,0,0,0,0,4,0,0,0,56,56,56,56,56,56,56,56,56,0,56,0,56,56,56,56,56,56,56,56,56,0,56,0,56,0,56,0]} 1. e4 c6 2. d4 d5 3. Nc3 dxe4 4. Nxe4 Nf6 5. Nxf6+ exf6 6. c3 Bf5 7. Ne2 Bd6 {B15: Caro-Kann: 3 Nc3: 3...g6 and 3...dxe4 4 Nxe4 Nf6 5 Nxf6+ exf6.} 8. Ng3 Bg6 9. Bc4 O-O {The position is equal.} 10. O-O Nd7 11. f4 {[#] Strongly threatening f5.} Nb6 12. Be2 f5 $1 13. Bd3 Qf6 14. Qc2 {[%cal Rg3f5]} c5 {[#]} 15. Nxf5 $146 ({Predecessor:} 15. dxc5 Bxc5+ 16. Kh1 Rfe8 17. Bxf5 Bxf5 18. Nxf5 Rad8 19. Ng3 Nd5 20. f5 Qh4 21. Bd2 {0-1 (66) Carlsson,P (2433)-Goryachkina,A (2493) Doha 2015}) 15... cxd4 (15... Bxf5 $11 {remains equal.} 16. Bxf5 g6) 16. Nxd4 ({White should try} 16. Nxd6 $16 {Threatens to win with Ne4.} Bxd3 17. Qxd3 Qxd6 {[#]} 18. Be3 $1 {[%mdl 576] Pin} (18. cxd4 Rad8 $14) (18. Qxd4 Qxd4+ 19. cxd4 Rfc8 $14)) 16... Bc5 $11 17. Bxg6 (17. f5 {feels hotter.} Bxd4+ 18. cxd4 Qxd4+ 19. Kh1 Bh5 20. Rf4) 17... Bxd4+ 18. cxd4 Qxd4+ 19. Qf2 Qxf2+ 20. Rxf2 {Black must now prevent Be4.} hxg6 21. b3 Rac8 22. Be3 Rfe8 23. Bxb6 axb6 $14 {[%mdl 4096] Endgame KRR-KRR} 24. Rd2 Re4 25. g3 Kf8 26. Kf2 Ke7 27. Rad1 Rc7 $1 28. Rd6 Re6 $1 {[%cal Re6d6]} 29. Rxe6+ (29. R6d4 {is more complex.} Rc2+ 30. Kf3 Rc3+ 31. Kg4 Re2 32. Rd7+) 29... Kxe6 {KR-KR} 30. Rd2 Rc3 31. Kg2 f6 32. Kh3 Rc5 33. Rd4 g5 34. Rb4 b5 35. fxg5 Rxg5 36. a4 bxa4 37. bxa4 Ra5 38. Rxb7 Rxa4 39. Rxg7 Kf5 40. g4+ Ke6 41. Kg3 Ra3+ (41... f5 $11) 42. Kh4 $1 Ra2 43. h3 Ra3 44. Rb7 Rc3 45. Rh7 Ra3 46. Rb7 Rc3 $1 47. Rh7 (47. Rb6+ $14 Kf7 48. Ra6) 47... Rb3 (47... Ra3 $1 $11) 48. Rc7 Ra3 49. Rc6+ Kf7 50. Rc5 Kg6 51. Rh5 Rb3 52. Rh8 (52. Rd5 $14) 52... Ra3 (52... f5 $11) 53. Rh5 Rb3 $1 54. Rh8 Ra3 55. Rh5 {Weighted Error Value: White=0.12/Black=0.11} (55. Rg8+ $14 Kf7 56. Rc8) 1/2-1/2

[Event "EWCCC Online Final 2020"]
[Site "Online"]
[Date "2020.12.21"]
[Round "7.4"]
[White "Balajayeva, Khanim"]
[Black "Cramling, Pia"]
[Result "1-0"]
[WhiteElo "2376"]
[BlackElo "2459"]
[Annotator "TA"]
[PlyCount "83"]
[EventDate "2020.12.19"]
[EventType "team-tourn"]
[EventCountry "NET"]
[SourceTitle "playchess.com"]
[Source "ChessBase"]
[SourceQuality "1"]

{[%evp 29,83,35,79,12,84,29,36,34,39,22,64,31,35,32,184,195,319,306,302,294,236,175,168,164,166,167,167,164,171,163,190,100,102,105,91,93,94,101,139,127,138,136,132,131,168,173,421,404,410,402,520,512,621,610,935,876]} 1. e4 c5 2. c3 d5 3. exd5 Qxd5 4. d4 Nf6 5. Nf3 e6 6. Be3 cxd4 7. cxd4 Nc6 8. Nc3 Qd6 9. a3 Be7 10. Bd3 O-O 11. O-O Rd8 12. Qe2 b6 13. Rad1 Bb7 14. Bb1 Rac8 15. Rfe1 Qb8 16. Bc1 {[#] B22: Sicilian: 2 c3.} (16. Bg5 $16) 16... Re8 $146 {[#]} (16... h6 $11 {keeps the balance.}) ({Predecessor:} 16... Rd7 17. Ba2 Rcd8 18. Bxe6 fxe6 19. Qxe6+ Kf8 20. Ng5 Bd6 21. Qf5 Rf7 22. Nxf7 Kxf7 {½-½ (32) Hashemiheydari,S (2137)-Abbasifar,H (2306) Teheran 2005}) 17. Ne4 ({Better is} 17. Ng5 $1 $16) 17... Nxe4 18. Qxe4 {White is slightly better.} g6 19. Ng5 Qd6 20. Qh4 (20. Qf3 $5 {[%cal Rf3f7]} Bxg5 21. Bxg5 $14) 20... Bxg5 21. Bxg5 {Strongly threatening Bf6.} f5 $2 ({Black should try} 21... Ne7 $14) 22. Ba2 $18 Na5 (22... Nd8 $142 23. Bxd8 Rcxd8) 23. Bf4 Qc6 {[%csl Gb7][%cal Rc6g2]} 24. f3 Nc4 25. Qf6 {Hoping for Bxc4.} Rf8 26. Qxe6+ Qxe6 27. Rxe6 {Threatens to win with d5.} Bd5 28. Re7 Rf7 29. Rde1 b5 30. Re8+ (30. Bh6 $18 Rxe7 31. Rxe7) 30... Rxe8 $16 31. Rxe8+ Rf8 32. Re7 Rf7 33. Re2 h5 34. Kf2 Rd7 35. Re8+ Kf7 36. Rh8 Kg7 37. Rb8 Nxb2 $2 (37... Bf7 38. Bxc4 (38. Rxb5 Nxa3 39. Be5+ Kh6 $16) 38... Bxc4 39. Be5+ Kf7) 38. Be5+ $18 Kf7 {[#]} 39. Rb7 $1 {[%cal Rb7d7][%mdl 512]} Nd3+ (39... Rxb7 40. Bxd5+) 40. Ke3 {White is clearly winning.} f4+ 41. Bxf4 ({And not} 41. Kxd3 Bc4+ 42. Kc3 Rxb7 $17) 41... Nxf4 42. Kxf4 {Weighted Error Value: White=0.16/Black=0.42} 1-0

[Event "EWCCC Online Final 2020"]
[Site "Online"]
[Date "2020.12.21"]
[Round "7.5"]
[White "Hoang, Thanh Trang"]
[Black "Tokhirjonova, Gulrukhbegim"]
[Result "0-1"]
[WhiteElo "2404"]
[BlackElo "2378"]
[Annotator "TA"]
[PlyCount "110"]
[EventDate "2020.12.19"]
[EventType "team-tourn"]
[EventCountry "NET"]
[SourceTitle "playchess.com"]
[Source "ChessBase"]
[SourceQuality "1"]

{[%evp 9,110,53,74,40,46,43,52,45,71,67,80,93,97,94,120,122,134,132,142,138,160,95,101,65,65,37,35,-4,29,32,33,31,18,14,71,66,74,69,77,0,69,0,125,0,47,0,0,0,80,65,99,-45,-18,-42,30,30,9,25,57,68,147,154,485,479,443,141,247,0,55,48,58,41,29984,41,88,111,210,206,919,909,1060,-1697,-1304,-29983,-29984,-29984,-29969,-29969,-29970,-29972,-29972,-29969,-5273,-1176,0,0,0,-29986,-29987,-29987,-29985,-29988,-29989]} 1. d4 e6 2. Nf3 b6 3. e4 Bb7 4. Bd3 c5 5. c3 d5 6. e5 {B00: Queen's Fianchetto Defence, Nimzowitsch Defence.} Nc6 7. a3 Be7 8. O-O {White is slightly better.} Qc7 9. Re1 h6 {[#]} 10. b4 $146 ({Predecessor:} 10. Nbd2 g5 11. dxc5 bxc5 12. h3 h5 13. Qe2 g4 14. hxg4 hxg4 15. Nh2 Rxh2 16. Kxh2 Nxe5 {0-1 (29) Patkina,E (1954)-Eliseev,N (2104) Kstovo 2010}) 10... c4 11. Bc2 O-O-O 12. a4 Kb8 13. Na3 g5 14. a5 bxa5 15. b5 (15. Nb5 $142 $1 {[%cal Rb5c7]} Qc8 16. bxa5) 15... Nb4 $16 16. cxb4 axb4 17. Nb1 Qb6 18. Be3 Qxb5 19. Ba4 Qb6 20. Re2 g4 21. Ne1 $1 f6 (21... h5 $11 {remains equal.}) 22. exf6 Nxf6 23. Bf4+ Ka8 24. Rea2 (24. Nc3 $1 $16) 24... a6 (24... Bd6 $11 25. Bxd6 Rxd6) 25. Be5 (25. Nc3 $1 $14 bxc3 26. Rb1) 25... Rhf8 (25... Ne4 $1 $11) 26. Nd2 ({White has to play} 26. Nc3 $1 $16 b3 27. Rb1) 26... h5 27. Rb1 Rc8 28. Nc2 c3 (28... Ka7 $11) 29. Nb3 {Hoping for Nc5.} Ne4 30. Ne3 (30. Rba1 $16) 30... Bh4 {[%cal Rh4f2][%mdl 1024] Black has compensation.} 31. Bg3 Bg5 (31... Bxg3 $15 32. fxg3 Kb8) 32. Qd3 $1 $11 h4 $132 {[%mdl 2048] Black is not keeping still} 33. Be5 c2 34. Rxc2 {Nc5 is the strong threat.} Rxc2 ({Better is} 34... g3 $1 $14 35. Rxc8+ (35. hxg3 hxg3 36. Rxc8+ Rxc8 $14) 35... Rxc8) 35. Nxc2 $16 {Black must now prevent Nc5.} Nxf2 $2 (35... h3 $16 {is more resistant.}) 36. Qh7 $18 Ne4 {intending ...Rc8.} 37. Rf1 $2 (37. Bc7 $1 $18 {[%cal Rc7b6]} Qa7 38. Rf1 (38. Nxb4 Be3+ {[%mdl 64] Double Attack} 39. Kh1 Nf2+ 40. Kg1 Nd1+ 41. Kh1 Rf1#)) 37... Rc8 (37... Qd8 $16 38. Ra1 Qe7 39. Qxe7 Bxe7) 38. Nc5 $2 ({White must play} 38. Bd7 $1 $18 {[%cal Rd7c8]} Rxc2 39. Rf8+ Bc8 40. Qg8 (40. Bxc8 Be3+ 41. Kh1 Nf2+ 42. Rxf2 Rxf2 $16) (40. Rxc8+ Rxc8 41. Bxc8 Be3+ 42. Kh1 Qb5 $11) 40... Be3+ 41. Kf1 $1 {[%mdl 512]}) 38... Nxc5 (38... b3 $1 $11 39. Nd7 (39. Nxb7 bxc2 40. Bxc2 Be3+ 41. Kh1 Nf2+ 42. Kg1 Rf8 $19) (39. Nxb3 $2 Rxc2 40. Rf8+ Rc8 $19) 39... Qa5 40. Bxb3 Rxc2 41. Nb6+ (41. Bxc2 Be3+ 42. Kh1 Nf2+ 43. Kg1 Nd3+ 44. Kh1 Nf2+ 45. Kg1 Nh3+ {[%mdl 64] Discovered Attack (Double check)} 46. Kh1 Nf2+ $11) 41... Ka7 42. Bxc2 Be3+ 43. Kh1 Nf2+ 44. Kg1 Ne4+ 45. Kh1 Nf2+ 46. Kg1 Ne4+) 39. dxc5 $14 Qxc5+ 40. Bd4 Qa5 $2 {[%mdl 8192]} (40... Qc4 $14 41. Qd7 Bd8) 41. Bb3 $2 (41. Rf7 {mates} Bf6 42. Bxf6 (42. Rxf6 Qxa4 43. Ne3 b3 $11) (42. Rxb7 Bxd4+ 43. Nxd4 Qc5 $19) 42... g3 43. hxg3 Rxc2 44. Rf8+ Ka7 45. Bd4+ Qc5 46. Bxc5+ Rxc5 47. Rf7 $1 {[%mdl 512]}) 41... e5 42. Bxe5 {And now Rf7 would win.} d4 (42... Bd8 $16 {was worth a try.}) 43. Bxd4 $18 {Strongly threatening Rf7.} h3 $2 (43... Qd8 44. Qg7 Rc7) 44. Rf5 Qd8 {[#]} 45. Rf7 $4 {[%mdl 8192] [#]} (45. Bd5 $1 $18 {[%mdl 512]} Rc7 (45... Bxd5 46. Qa7#) 46. Bxb7+ Kxb7 47. Qg6 (47. Rf7 Rxf7 48. Qxf7+ Qc7 $16) 47... Rxc2 48. Rf7+ {[%mdl 64] Discovered Attack} Be7 49. Qe4+ {[%mdl 64] Double Attack} (49. Qxc2 Qxd4+ 50. Kf1 Kb8 $15) 49... Kc8 50. Rxe7 Qxe7 51. Qxe7) 45... Rxc2 $1 {[%mdl 576] Remove Defender} 46. Qxc2 (46. Bxc2 Qxd4+) 46... Qxd4+ 47. Rf2 {[#]} Be3 $1 48. gxh3 gxh3 49. Kf1 Bxf2 50. Qxf2 Qd3+ (50... Bg2+ $142 51. Ke1 Qc3+ 52. Ke2 Qxb3 53. Qf8+ Kb7 54. Qc5 Qe6+ 55. Kf2 b3 56. Qf8 Qb6+ 57. Ke2 b2 58. Qf7+ Ka8 59. Qf8+ Ka7 60. Qf7+ Bb7 61. Qa2 b1=Q 62. Qxb1 Qxb1 63. Kd2 Qb3 64. Ke2 Be4 65. Kd2 Qf3 66. Ke1 Qe3+ 67. Kd1 Qf2 68. Kc1 Qc2#) 51. Qe2 Qxb3 $2 (51... Bg2+ $19 52. Kf2 Qxb3 53. Qxa6+ Kb8 54. Qb6+ Kc8 55. Qc5+ Kd7) 52. Qe8+ $1 $11 Ka7 {( -> ...Qf3+)} 53. Qd7 $2 {[%mdl 8192]} (53. Qe3+ $11 Qxe3) 53... Qf3+ {Black mates.} 54. Ke1 Qe4+ 55. Kf1 b3 {What a fight!  Weighted Error Value: White=0.74/Black=0.85} 0-1

[Event "EWCCC Online Final 2020"]
[Site "Online"]
[Date "2020.12.21"]
[Round "7.5"]
[White "Nandhidhaa, P V"]
[Black "Papp, Petra"]
[Result "0-1"]
[WhiteElo "2365"]
[BlackElo "2336"]
[Annotator "TA"]
[PlyCount "124"]
[EventDate "2020.12.19"]
[EventType "team-tourn"]
[EventCountry "NET"]
[SourceTitle "playchess.com"]
[Source "ChessBase"]
[SourceQuality "1"]

{[%evp 16,124,32,15,36,36,20,33,64,60,60,58,87,80,86,68,90,43,45,40,40,39,40,38,45,40,45,45,45,59,44,49,69,54,69,80,134,134,170,168,172,166,156,156,153,124,139,101,100,62,73,52,70,-45,-46,-177,-176,-237,-237,-237,-227,-197,-177,-318,-171,-174,-173,-402,-116,-388,0,-360,-127,-193,22,32,78,-299,0,-466,0,-107,0,-370,0,-72,0,-304,-284,-299,-297,-316,-347,-657,-585,-683,-630,-1159,-1120,-994,-1158,-924,-866,-2582,-2206,-29994,-29995,-29995,-29996,-29996,-29997]} 1. e4 c6 2. d4 d5 3. exd5 cxd5 4. Bf4 Nf6 5. c3 Nc6 6. Be2 g6 7. h3 Bg7 8. Nf3 O-O 9. O-O Ne4 {D02: 1 d4 d5 2 Nf3 sidelines, including 2...Nf6 3 g3 and 2...Nf6 3 Bf4.} 10. Nbd2 Bf5 11. Re1 Qb6 {White is slightly better.} 12. Qb3 Qxb3 13. axb3 {[#]} f6 $146 ({Predecessor:} 13... Nxd2 14. Bxd2 a6 15. Bf4 Rad8 16. Bf1 f6 17. b4 g5 18. Bh2 g4 19. Nh4 Bc8 20. hxg4 Bxg4 {1-0 (60) Krainski,A (2212)-Krainski,S (2039) Lazy 2014}) 14. Nxe4 Bxe4 15. Nd2 Bf5 16. Bb5 (16. g4 {looks sharper.} Bd7 17. Bf3 e6 18. b4 a5 19. b5) 16... Rfe8 17. Bxc6 bxc6 18. b4 e5 19. Be3 a6 20. Nb3 Bf8 21. Na5 Bd7 22. dxe5 fxe5 23. Bc5 Bh6 24. Re2 Kf7 25. Rd1 Bg5 {[#]} (25... Kg8 $142) 26. Nc4 $1 $16 {[%mdl 512]} dxc4 27. Rxd7+ Kg8 28. Bb6 Rab8 29. Ba5 Rb5 30. Rc7 Re6 31. g3 e4 32. f4 Bf6 33. Rd7 Rd5 34. Rd2 (34. Ra7 $14) 34... Rd3 $15 35. R7xd3 (35. Kf1 $1 $15) 35... cxd3 {[%mdl 4096] Endgame KRB-KRB} ({Don't play} 35... exd3 36. Kf2 $15) 36. Kf1 (36. Bb6 $142 e3 37. Rxd3) 36... g5 $1 $19 37. f5 Re5 38. g4 c5 39. bxc5 (39. Bb6 $142 cxb4 40. Bd4) 39... Rxc5 (39... Rd5 $142 {Strongly threatening ...e3.} 40. Ke1 Be5) 40. Bb6 Rb5 41. Ba7 $2 (41. Be3) 41... Rb7 $2 (41... Be5 $19 {is more deadly.} 42. Kf2 Kf7) 42. Bc5 $2 {[%mdl 8192]} (42. Bd4 $17 Bxd4 43. cxd4) 42... Rb5 43. Ba7 $1 Ra5 $2 (43... Be5 $19 {and Black stays clearly on top.} 44. Kf2 Kf7) 44. Rd1 {[#]} (44. Bd4 $17 {was forced.} Be7 45. Kf2) 44... Kf7 $2 (44... Ra2 $1 $19 {[%cal Ra2b2]} 45. Rb1 Kf7) 45. Kf2 $11 Rb5 46. Rd2 $2 {[%mdl 8192]} (46. Ke3 $16) 46... Rb7 $2 (46... Be5 $19 {aiming for ...Bf4.} 47. h4 Rb7) 47. Bc5 $2 {[%mdl 8192]} (47. Bd4 $1 $11) 47... Rc7 $2 ({Black should play} 47... Be5 $19 {Hoping for ...Bf4.} 48. h4 Kf6) 48. Bb6 {[#]} (48. Bd4 $11 {keeps the balance.}) 48... Rb7 $2 {[%mdl 8192]} (48... Re7 $1 $17 49. Be3 h6) 49. Bc5 $19 {Threatening Ke3.} Rc7 $2 (49... Be5 $19 {Threatens to win with ...h5!} 50. Bd4 Bf4) 50. Bb6 $17 Rc6 (50... Re7 $17 51. Be3 h6) 51. Ba7 $2 {[%mdl 8192]} (51. Bd4 $11) 51... Be5 $19 52. Rd1 {With the idea Ke3.} Bf4 53. Re1 d2 54. Rd1 $2 (54. Rh1 h5 55. gxh5) 54... Rd6 55. Be3 {intending Ke2.} Rd3 56. Bxf4 gxf4 {KR-KR} 57. Ke2 f3+ 58. Kf2 Kf6 59. c4 Ke5 {( -> ...Kf4)} 60. c5 Kf4 {Black mates.} 61. c6 e3+ 62. Kg1 e2 {Weighted Error Value: White=0.86/Black=0.82} 0-1

[Event "EWCCC Online Final 2020"]
[Site "Online"]
[Date "2020.12.21"]
[Round "7.5"]
[White "Lazarne Vajda, Szidonia"]
[Black "Dauletova, Gulmira"]
[Result "1-0"]
[WhiteElo "2345"]
[BlackElo "2319"]
[Annotator "TA"]
[PlyCount "87"]
[EventDate "2020.12.19"]
[EventType "team-tourn"]
[EventCountry "NET"]
[SourceTitle "playchess.com"]
[Source "ChessBase"]
[SourceQuality "1"]

{[%evp 17,87,-45,-7,-16,0,-12,-15,-24,-23,-24,-28,-29,-27,-29,-29,-50,-36,-52,-50,-116,-47,-45,-52,-183,-136,-118,-41,-80,-15,-29,-22,-70,-56,-81,0,0,0,0,0,0,0,0,-4,-14,-6,-6,-14,-9,0,-14,0,0,0,0,0,0,0,0,0,0,0,0,31,31,45,58,63,58,29995,29996,29996,29997]} 1. d4 Nf6 2. Nf3 d5 3. Bf4 c5 4. e3 Nc6 5. c3 Qb6 6. Qb3 c4 7. Qc2 Bf5 8. Qc1 e6 9. Nbd2 Be7 10. h3 {D02: 1 d4 d5 2 Nf3 sidelines, including 2...Nf6 3 g3 and 2...Nf6 3 Bf4.} h6 11. Be2 O-O 12. O-O {The position is equal.} Rfc8 13. Re1 Qd8 14. Nh2 b5 15. Bf3 b4 {[#]} 16. e4 $146 ({Predecessor:} 16. Ng4 Bxg4 17. hxg4 a5 18. a3 bxa3 19. bxa3 a4 20. Qc2 Na5 21. Qxa4 Nb3 22. Nxb3 Rxa4 {0-1 (30) Owens,J (2122)-Maliszewski,G (2112) ICCF email 2016}) 16... dxe4 17. Nxe4 Nd5 18. Bg3 {[#]} (18. Ng4 $15) 18... bxc3 (18... a5 $1 $17 19. a3 bxc3 20. bxc3 a4) 19. bxc3 $15 Qa5 {And now ...Ba3 would win.} 20. Re3 ({Better is} 20. Ng4 $15) 20... Nxe3 21. Qxe3 Qd8 (21... Rd8 $17 22. Nf1 Rac8) 22. Ng4 Bf8 ({Black should play} 22... h5 $17 23. Ne5 h4 24. Nxc6 Rxc6) 23. Nd2 Bd3 24. Ne5 Nxe5 25. Bxe5 Rab8 (25... Qb6 $17) 26. Bxb8 $11 Rxb8 27. Be4 Bxe4 28. Qxe4 Qd5 29. Qxd5 exd5 {[%mdl 4096] Endgame KRB-KRN} 30. Nf1 Ba3 31. Ne3 $1 Rb5 32. Re1 f6 33. Nf5 Kf7 34. g4 a5 35. Kg2 a4 36. Kf3 Bf8 37. Re2 g6 38. Ne3 Bd6 39. h4 Bc7 40. h5 Ba5 41. hxg6+ Kxg6 42. Nf5 $1 {White threatens Re7 and mate.} h5 $2 {[%mdl 8192] [#]} ({Stronger than} 42... Bxc3 43. Re7 Rb7 44. Rxb7 h5 45. Rg7#) (42... Kh7 $14) 43. Re7 $1 {[%csl Gf5][%cal Re7g7]} hxg4+ 44. Kxg4 {White used his chance.  Weighted Error Value: White=0.16/Black=0.28} 1-0

[Event "EWCCC Online Final 2020"]
[Site "Online"]
[Date "2020.12.21"]
[Round "7.5"]
[White "Muminova, Nafisa"]
[Black "Gara, Ticia"]
[Result "0-1"]
[WhiteElo "2274"]
[BlackElo "2383"]
[Annotator "TA"]
[PlyCount "76"]
[EventDate "2020.12.19"]
[EventType "team-tourn"]
[EventCountry "NET"]
[SourceTitle "playchess.com"]
[Source "ChessBase"]
[SourceQuality "1"]

{[%evp 9,76,2,8,0,0,-8,7,0,0,-16,-8,-8,-9,-24,-20,-21,-27,-27,-18,-18,-21,-27,16,16,16,16,19,16,16,16,16,16,16,16,16,-43,8,2,16,15,28,-27,-28,-27,-13,-10,0,0,-12,-93,-85,-96,-60,-149,-142,-251,-99,-115,-45,-258,-269,-760,-722,-1234,-1234,-29990,-29991,-29991,-29992]} 1. d4 Nf6 2. Nc3 d5 3. Bf4 c5 4. e3 cxd4 5. exd4 a6 6. Nf3 {B13: Caro-Kann: Exchange Variation and Panov-Botvinnik Attack.} Nc6 7. Be2 Bg4 $1 {7...Bg4 scores better than 7...Bf5.} 8. O-O {The position is equal.} e6 9. h3 Bxf3 10. Bxf3 (10. gxf3 $2 Nh5 $19) 10... Bd6 11. Bg5 h6 12. Be3 O-O {[#]} 13. Ne2 $146 ({Predecessor:} 13. g4 Qc7 14. Ne2 Ne4 15. Bg2 f5 16. f3 Nf6 17. Qd2 Rfe8 18. c3 Rad8 19. Rae1 {½-½ (55) Agdestein,S (2604)-Mons,L (2483) Barcelona 2017}) 13... Ne7 14. c3 Nf5 15. Bf4 Bxf4 16. Nxf4 Nd6 17. Nd3 Nc4 18. Qe2 Qc7 19. g3 Nd7 20. Bg2 b5 21. Rae1 a5 22. Kh1 (22. Rc1 $11) 22... Rab8 (22... b4 $15) 23. a3 $11 Qd6 24. f4 (24. Ra1 {is interesting.} Rfc8 25. Rfe1 Nf6 26. h4 Qb6 27. Rad1) 24... Rbe8 25. Ne5 (25. g4 $142) 25... Ndxe5 26. fxe5 Qe7 27. Rf4 b4 28. axb4 {[#] aiming for b3.} axb4 29. Bf1 (29. b3 $11 Na3 30. c4) 29... Rb8 $17 30. b3 Na5 {[%cal Bc4a5,Ba5b3,Bb3d4,Bd4f3][%mdl 32]} 31. cxb4 (31. c4 $15) 31... Rxb4 32. Rg4 (32. Qd2 $17) 32... h5 $2 ({Less strong is} 32... Nxb3 33. Qe3 $17) (32... Rxb3 $19 {is more deadly. ...Nc4 is the strong threat.} 33. Qd2 h5) 33. Rf4 Qg5 ({And not} 33... Rxb3 34. Qxh5 f5 35. Ra1 $14 (35. Rh4 Rxg3 36. Ra1 Qb4 $11)) (33... g6 $17 34. Qd2 Nxb3) 34. Rf3 $2 {Loses the game.} (34. Qf3 $1 $15) 34... Nxb3 $19 35. Qb2 $2 (35. Qd3) 35... Nxd4 {[%mdl 64] [#] Discovered Attack} 36. Qxb4 Nxf3 37. Re2 Qxg3 {[%csl Gf3][%cal Rg3g1]} 38. Qc5 d4 {Weighted Error Value: White=0.64/Black=0.14} 0-1

[Event "EWCCC Online Final 2020"]
[Site "Online"]
[Date "2020.12.21"]
[Round "8.1"]
[White "Zawadzka, Jolanta"]
[Black "Tokhirjonova, Gulrukhbegim"]
[Result "1-0"]
[WhiteElo "2399"]
[BlackElo "2378"]
[Annotator "TA"]
[PlyCount "159"]
[EventDate "2020.12.19"]
[EventType "team-tourn"]
[EventCountry "NET"]
[SourceTitle "playchess.com"]
[Source "ChessBase"]
[SourceQuality "1"]

{[%evp 16,159,12,8,50,55,57,52,56,-27,-26,-25,-16,-47,0,-58,-50,-65,0,-60,-46,-44,-61,-97,-38,-37,-22,-35,-23,-23,-22,-21,-26,-450,-11,-18,0,0,0,-8,-7,-45,0,-18,-25,-81,-23,-19,0,0,0,-41,-57,-51,-58,-83,-11,-154,0,0,0,0,0,-370,7,6,6,10,11,0,0,0,0,0,0,0,0,0,0,0,0,-11,0,0,47,58,84,50,110,113,108,86,135,121,127,118,131,116,127,126,300,292,283,245,171,41,201,200,197,70,78,74,599,593,574,562,1111,1033,1112,1119,1055,1004,12840,607,1700,1443,5052,5052,4141,4134,29973,29973,29974,29975,29972,29975,29978,29979,29979,29977,29977,29978,29978,29979,29983,29971]} 1. e4 e5 2. Nf3 Nc6 3. d4 exd4 4. Nxd4 Nf6 5. Nxc6 bxc6 6. Bd3 d5 7. Qe2 Be7 8. Nd2 O-O 9. O-O Be6 {C45: Scotch Game.} 10. e5 Nd7 11. f4 {[#] aiming for f5.} f5 $146 {White is slightly better.} ({Predecessor:} 11... Nc5 12. f5 Nxd3 13. Qxd3 Bc8 14. Nb3 f6 15. e6 a5 16. Qg3 Kh8 17. Bf4 Ra7 18. Nxa5 {1-0 (38) Granara Barreto,S (2114)-Saralegui Cassan,M (2096) Montevideo 2001}) 12. exf6 (12. Nb3 $14) 12... Bc5+ $11 13. Kh1 Qxf6 14. Nb3 Bd6 15. c4 (15. Nd4 $11 Rae8 16. Nxc6) 15... Rae8 $15 16. Qc2 Qh4 (16... dxc4 $15 17. Bxc4 Bd5) 17. Nd4 (17. c5 $11 Bxf4 18. Bxf4 Rxf4 19. Bxh7+ $1 {[%mdl 512]} Kh8 20. Bd3) 17... Nc5 18. Nxe6 Rxe6 (18... Nxe6 19. g3 $11) 19. Bf5 Re1 (19... Rh6 $17 {[%csl Gh6][%cal Rh4h2]} 20. Bh3 Ne4) 20. Bd2 $1 Rxa1 21. Rxa1 Bxf4 22. Bxf4 Qxf4 {[%mdl 64] Double Attack} 23. Bxh7+ Kh8 {( -> ...Qf1+!)} 24. Bd3 $2 {[%mdl 8192]} (24. h3 $11 {and White has nothing to worry.}) 24... Qe3 $2 (24... Ne4 $19 25. h3 Nf2+ 26. Kg1 Qd4) 25. Bg6 $11 d4 26. Qd1 {Hoping for Qh5+.} Ne6 27. Qg4 Rf6 $40 {[%mdl 128] White needs to defend precisely.} 28. Bf5 c5 29. h3 Kg8 30. Qh5 (30. Rf1 $11 {keeps the balance.}) 30... Nf8 (30... Nf4 $1 $17 {[%cal Rf4h5]} 31. Qh7+ Kf7) 31. Bg4 Qe7 32. Qd5+ Kh8 33. Rd1 c6 34. Qh5+ Kg8 35. a3 Ng6 (35... a5 $1 $17) 36. Bf3 {[#]} (36. Bf5 $11 Nf4 37. Qh7+ Kf7 38. Bg4) 36... Nf4 $2 ({Black should try} 36... d3 $1 $17 {[%mdl 512]} 37. Qg4 (37. Rxd3 $2 Nf4 $19 {[%mdl 64] Double Attack}) 37... Ne5) 37. Qg4 Qe5 38. b4 d3 {White must now prevent ...Ne2.} 39. bxc5 $2 {[%mdl 8192] [#]} (39. Qc8+ $11 {and White stays safe.} Kh7 40. Qd7) 39... Qxc5 $2 (39... Ne2 $1 $19 {...Ng3+ is the strong threat.} 40. Qc8+ Kh7) 40. Qc8+ Qf8 41. Qxf8+ Kxf8 {[%mdl 4096] Endgame KRB-KRN} 42. Kh2 Rd6 43. Kg3 Ne6 44. Kf2 Ke7 45. Ke3 Nc5 $1 46. Kd2 a5 47. Rb1 a4 48. Kc3 Nb3 49. Rd1 Nc5 50. Kb4 Ne6 51. Kxa4 Rd4 (51... Rd8 $14) 52. Kb4 $16 ({Reject} 52. Bxc6 $6 Rxc4+ 53. Kb5 Rd4 $11) 52... Kd6 53. a4 Nc5 54. a5 Na6+ 55. Kc3 Kc5 56. Rxd3 Rxc4+ 57. Kd2 Kb4 $2 (57... Ra4 $16 {is a better defense.}) 58. Rd7 $18 g5 59. Be2 Nc5 60. Rd8 (60. Bxc4 $18 Nxd7 61. Be6) 60... Re4 $2 ({Black should play} 60... Nb3+ $14 61. Ke3 Rc3+ 62. Ke4 Kxa5) 61. a6 {And now a7 would win. Cut Off at move 61} Re7 62. Rc8 ({Better is} 62. Rb8+ $18 Ka5 63. Bc4) 62... Nb3+ $14 63. Kd1 c5 $2 {[%mdl 8192]} (63... Nd4 $16 {lives longer.}) 64. Rb8+ $18 Kc3 {If Black can now play ...Nd4 this consolidates a bit.} 65. Rb7 Re8 66. a7 Rd8+ 67. Ke1 Ra8 68. Bf3 {White wants to mate with Rxb3+!} Nd4 {[#]} 69. Bd5 (69. Rb3+ $142 $1 {[%mdl 512]} Nxb3 (69... Kxb3 70. Bxa8) 70. Bxa8) 69... Re8+ 70. Kf2 c4 71. Rb8 Re2+ 72. Kg1 Re1+ 73. Kh2 {White mates.} Ra1 74. a8=Q Rxa8 75. Rxa8 Kd3 {[#]} 76. Bxc4+ $1 Kxc4 {KR-KN} 77. Rg8 Ne6 78. Kg3 Kd5 79. Kg4 Ke5 80. Rxg5+ {Never resign too early!  Weighted Error Value: White=0.44/Black=0.56} 1-0